Statistics for 2022-23 NHL PLAYER BY PICTURE

Click here to take the quiz!

General Stats

  • This quiz has been taken 95 times
  • The average score is 9 of 16

Answer Stats

Answer% Correct
Kirill Kaprizov
88%
Trevor Zegras
86%
Max Domi
76%
Juuse Saros
66%
Charlie McAvoy
64%
Ryan Reaves
62%
Evgeny Kuznetsov
54%
Tyler Bertuzzi
54%
Kevin Fiala
51%
Elias Lindholm
49%
John Klingberg
47%
Carter Verhaeghe
46%
Zach Werenski
46%
John Gibson
42%
Josh Norris
29%
Jakob Chychrun
28%

Score Distribution

Percentile by Number Answered

Percent of People with Each Score

Your Score History

You have not taken this quiz